000 00878nam a2200217Ii 4500
003 JO-AjNU
008 230605s9999||||xx |||||||||||||| ||und||
020 _a2-7451-2528-1
040 _aJO-AjNU
_bara
_erda
_cJO-AjNU
041 _aara
050 1 4 _aPJ 6073 .S85. 2009
100 3 _aتأليف السيوطي، جلال الدين عبد الرحمن بن أبي بكر؛ ضبطة وصححه ووضع حواشية فؤاد علي منصور,
_eauthor
_927063
245 0 0 _aالمزهر في علوم اللغة وأنواعها
250 _aط2
264 3 1 _aبيروت: دار الكتب العلمية، 2009
300 _aم1،ج1، 495ص
336 _atext
_btxt
_2rdacontent
337 _aunmediated
_bn
_2rdamedia
338 _avolume
_bnc
_2rdacarrier
650 4 _aاللغة العربية -- مباحث عامة -- اللغة العربية -- الصرف
_927064
999 _aA10333
_c13901
_d13901